" Creo que puede mejorar"
En este artículo se ofrece un análisis del comportamiento electoral del 12 de marzo del 2000 en San Salvador. El abstencionismo se incrementó notablemente y los jóvenes no acudieron a votar. Se cuestiona que estas votaciones representen el interés del pueblo salvadoreño o si votaron únicamente los p...
Sparad:
| Materialtyp: | Text |
|---|---|
| Ämnen: | |
| Taggar: |
Lägg till en tagg
Inga taggar, Lägg till första taggen!
|
MARC
| LEADER | 00000 a a2200000 04500 | ||
|---|---|---|---|
| 001 | 6348 | ||
| 003 | |||
| 040 | |||
| 245 | |a " Creo que puede mejorar" | ||
| 520 | |a En este artículo se ofrece un análisis del comportamiento electoral del 12 de marzo del 2000 en San Salvador. El abstencionismo se incrementó notablemente y los jóvenes no acudieron a votar. Se cuestiona que estas votaciones representen el interés del pueblo salvadoreño o si votaron únicamente los pocos simpatizantes que todavía creen en los partidos políticos. Se presentan algunas observaciones sobre la poblemática de la población juvenil y describe a quienes votaron y por quién lo hicieron. /MSD | ||
| 650 | |a ELECCIONES | ||
| 650 | |a COMPORTAMIENTO POLITICO | ||
| 650 | |a VOTACION | ||
| 773 | |g volumen 20, número 894; páginas 13-16 | ||
| 999 | |c 27606 |d 27606 | ||
